000 00290nam a2200121Ia 4500
008 190216s9999||||xx |||||||||||||| ||und||
100 _aHenry Fielding
245 4 _aThe History Of Tom Jones
260 _bHeron Books
_c1967
300 _a427p[
650 _aEnglish Literature
942 _cBK
999 _c12049
_d12049